Länder, die den meisten Käse pro Kopf produzieren - Statistiken

Allgemein
  • Dieses Quiz wurde 9.016 mal gespielt
  • Das Durchschnittsergebnis liegt bei 11 aus 20
Antwortstatistiken
kg / Person Land % Korrekt
29,1 Deutschland
97%
24,8 Schweiz
96%
25,9 Frankreich
93%
19,3 Vereinigte Staaten
90%
20,0 Italien
89%
55,9 Niederlande
89%
28,1 Österreich
88%
19,6 Polen
74%
79,5 Dänemark
65%
20,8 Griechenland
57%
56,9 Irland
57%
41,2 Island
41%
33,9 Estland
35%
30,1 Lettland
35%
27,2 Litauen
34%
80,1 Neuseeland
27%
22,2 Belarus
26%
19,0 Zypern
14%
17,8 Israel
10%
19,5 Uruguay
4%
Keine übereinstimmenden Quizze gefunden
Verteilung der Resultate
Anzahl Personen mit jedem Resultat
Perzentil nach korrekt beantworteten Fragen
Ihre Resultats-Entwicklung
Sie haben dieses Quiz noch nicht gespielt